banner-ar

معجزة للعلاقات : كيف تكون علاقات فائقة فى كل مجالات حياتك / (Record no. 62103)

MARC details
000 -الفاتح
حقل البيانات ثابتة الطول 00931nam a22002297a 4500
005 - وقت وتاريخ اخر تعامل مع التسجيلة
رقم الضبط 20240530110532.0
008 - عناصر البيانات ثابتة الطول - معلومات عامة
حقل البيانات ثابتة الطول 160319s2013 ua g 000 0 ara d
017 ## - رقم الايداع القانونى
رقم الايداع القانونى 2012/13135
المصدر ( الهيئة المختصة) مصر . دار الكتب المصرية
020 ## - الرقم الدولى المعيارى للكتب
الرقم الدولى المعيارى للكتاب 9789774901775
040 ## - مصدر الفهرسة
وكالة الفهرسة الأصلية EG-CaGPL
082 04 - رقم تصنيف ديوى العشرى
رقم الطبعة 21
رقم التصنيف 158.2\
رقم المادة م م
100 1# - المدخل الرئيسى - إسم شخصى
الإسم الشخصى مادانيس ، كلوى .
245 10 - بيان العنوان
العنوان معجزة للعلاقات : كيف تكون علاقات فائقة فى كل مجالات حياتك /
بيان المسئوليه,etc كلوى مادانيس ؛ تقديم انتونى روبينز ؛ ترجمة ايمن محمود .
250 ## - بيان الطبعة
بيان الطبعة ط1.
260 ## - PUBLICATION, DISTRIBUTION, ETC. (IMPRINT)
تاريخ النشر أو التوزيع 2013.
300 ## - الوصف المادى
التعداد 255 ص ؛
أبعاد الوعاء 24 سم .
650 04 - المدخل الاضافى بالموضوع-مصطلح موضوعى
مصطلح موضوعي العلاقات الانسانية .
700 0# - المدخل الاضافى - اسم شخصى
الإسم الشخصى انتونى روبينز
الدور مقدم .
700 0# - المدخل الاضافى - اسم شخصى
الإسم الشخصى ايمن محمود
الدور مترجم .
942 ## - عناصر المدخل الإضافي( كوها)
مصدر التصنيف او مخطط الترفيف Dewey Decimal Classification
Koha [default] item type كتاب
260 ## - PUBLICATION, DISTRIBUTION, ETC. (IMPRINT)
-- القاهرة :
-- دار العين للنشر ،
Holdings
حالة التراجع حالة الفقد حالة تلف ليس للاعارة المكان المؤقت الموقع الحالى تاريخ الاكتساب اجمالي اﻻعارات رقم الطلب الباركود تاريخ اخر مشاهدة تاريخ تفعيل السعر نوع وعاء كوها
        مكتبة القاهرة الكبرى مكتبة القاهرة الكبرى 03/19/2016   158.2\ م م 161647 03/19/2016 03/19/2016 كتاب

Powered By

EGPV